[Event "CZE-ch U14 Girls"]
[Site "Kouty nad Desnou"]
[Date "2024.03.10"]
[Round "2"]
[White "Barteckova, Valerie"]
[Black "Kubatova, Ema"]
[Result "1-0"]
[WhiteElo "1687"]
[BlackElo "1580"]
[PlyCount "41"]
[EventDate "2024.03.09"]
[EventType "swiss"]
[EventRounds "9"]
[EventCountry "CZE"]
[SourceTitle "CB12_2024"]
[SourceDate "2023.10.01"]
[SourceVersion "1"]
[SourceVersionDate "2023.10.01"]
[SourceQuality "1"]

1. d4 Nf6 2. Bg5 e6 3. e4 h6 4. Bxf6 Qxf6 5. e5 Qd8 6. a3 d6 7. exd6 Bxd6 8. Nf3 Nc6 9. Bb5 Bd7 10. 0-0 0-0 11. Nc3 a6 12. Ba4 b5 13. Bb3 Bc8 14. Re1 Bb7 15. Qd3 Qd7 16. Rad1 Rad8 17. Ne4 Be7 18. c3 Na5 19. Bc2 Nc4 20. Nf6+ Bxf6 21. Qh7# 1-0

[Event "EU Union-ch U14"]
[Site "Kouty nad Desnou"]
[Date "2023.08.16"]
[Round "1"]
[White "Barteckova, Valerie"]
[Black "Jasso, Matej"]
[Result "0-1"]
[WhiteElo "1562"]
[BlackElo "2143"]
[PlyCount "112"]
[EventDate "2023.08.16"]
[EventType "swiss"]
[EventRounds "9"]
[EventCountry "CZE"]
[SourceTitle "EXT 2024"]
[Source "ChessBase"]
[SourceDate "2023.10.10"]
[SourceVersion "1"]
[SourceVersionDate "2023.10.10"]
[SourceQuality "1"]

1. d4 d5 2. Bf4 Nf6 3. e3 c5 4. Nc3 e6 5. Nb5 Na6 6. h3 Be7 7. Nf3 0-0 8. Be2 Bd7 9. Nc3 Qb6 10. Rb1 Rac8 11. a3 cxd4 12. exd4 Rfd8 13. 0-0 Be8 14. Re1 Nb8 15. Bf1 a6 16. Na2 Nc6 17. c3 Na5 18. Bd3 Nc4 19. Nb4 Qa7 20. Nc2 b5 21. Ne3 Nd6 22. Nf1 a5 23. Ra1 Qb6 24. Ng3 Ra8 25. Ne5 g6 26. Bg5 Rdc8 27. Qf3 Qd8 28. h4 h5 29. Qe2 Kg7 30. Qd2 Ng8 31. Bxe7 Qxe7 32. Nf3 Qf6 33. Qg5 Qxg5 34. Nxg5 Nf6 35. Nf3 Rab8 36. Rac1 Rb6 37. Ne5 b4 38. axb4 axb4 39. Nf3 bxc3 40. bxc3 Rb3 41. Ne2 Nfe4 42. Bc2 Nxc3 43. Bxb3 Nxe2+ 44. Rxe2 Rxc1+ 45. Kh2 Ne4 46. Ng5 Nxg5 47. hxg5 Bb5 48. Re3 Rb1 49. Kg3 Rb2 50. Bd1 Rd2 51. Bf3 Rxd4 52. Rb3 Bc4 53. Rb1 Rd2 54. Re1 h4+ 55. Kxh4 Rxf2 56. Kg3 Rd2 0-1

[Event "CZE-ch U14 Girls"]
[Site "Teplice"]
[Date "2023.03.12"]
[Round "2"]
[White "Barteckova, Valerie"]
[Black "Zezulova, Sara"]
[Result "1-0"]
[WhiteElo "1478"]
[BlackElo "1000"]
[PlyCount "79"]
[EventDate "2023.03.11"]
[EventType "swiss"]
[EventRounds "9"]
[EventCountry "CZE"]
[SourceTitle "CBM 213 Extra"]
[Source "ChessBase"]
[SourceDate "2023.05.31"]
[SourceVersion "1"]
[SourceVersionDate "2023.05.31"]
[SourceQuality "1"]

1. d4 d5 2. Nf3 Nc6 3. Bf4 Nf6 4. e3 Bf5 5. c3 e6 6. Bd3 Bg6 7. 0-0 Bd6 8. Bg3 Bh5 9. Be2 Ne4 10. Nbd2 Bxf3 11. Bxf3 Bxg3 12. hxg3 Nxd2 13. Qxd2 Qd6 14. e4 dxe4 15. Bxe4 f5 16. Bxc6+ Qxc6 17. Rfe1 0-0-0 18. Qe3 Rhe8 19. Re2 Rd6 20. Rae1 Qd7 21. Qf3 Qf7 22. Re5 Rb6 23. Qe2 g5 24. b3 Kd7 25. Qd2 h6 26. c4 Rd6 27. Qe3 b6 28. Qc3 a5 29. a3 Kc8 30. b4 axb4 31. axb4 Red8 32. Rd1 c5 33. bxc5 bxc5 34. Rxc5+ Kd7 35. Qb3 Ke8 36. d5 h5 37. Re1 Kf8 38. dxe6 Rxe6 39. Rxe6 Qxe6 40. Qf3 1-0

[Event "CZE-chT U12"]
[Site "Jihlava"]
[Date "2022.06.12"]
[Round "9.4"]
[White "Barteckova, Valerie"]
[Black "Krisica, Lukas"]
[Result "1/2-1/2"]
[WhiteElo "1403"]
[BlackElo "1151"]
[PlyCount "89"]
[EventDate "2022.06.10"]
[EventType "team-swiss"]
[EventRounds "9"]
[EventCountry "CZE"]
[SourceTitle "CBM 209 Extra"]
[Source "ChessBase"]
[SourceDate "2022.09.30"]
[SourceVersion "1"]
[SourceVersionDate "2022.09.30"]
[SourceQuality "1"]
[WhiteTeam "Frydek Mistek U12"]
[BlackTeam "Trinec U12"]
[WhiteTeamCountry "CZE"]
[BlackTeamCountry "CZE"]

1. d4 Nf6 2. Nf3 e6 3. Bf4 Nc6 4. c3 b6 5. e3 Bb7 6. Bd3 Be7 7. 0-0 d6 8. Nbd2 Qd7 9. Qe2 0-0-0 10. a4 a5 11. Bb5 Rdg8 12. b4 Qd8 13. Bxc6 Bxc6 14. bxa5 bxa5 15. Qa6+ Kd7 16. Qxa5 Nd5 17. Bg3 g5 18. c4 Nb6 19. Rfb1 h5 20. h3 h4 21. Bh2 g4 22. hxg4 Rxg4 23. g3 hxg3 24. Bxg3 Qg8 25. Kg2 Bh4 26. Nf1 Bxg3 27. Nxg3 Bxf3+ 28. Kxf3 Rh3 29. Rg1 e5 30. dxe5 Nxc4 31. Qb5+ c6 32. Qb7+ Ke6 33. exd6 Ne5+ 34. Ke2 Rgxg3 35. Qe7+ Kd5 36. Rxg3 Rxg3 37. fxg3 Qg4+ 38. Kd2 Nc4+ 39. Kd3 Nb2+ 40. Kc2 Qe2+ 41. Kb3 Qc4+ 42. Kxb2 Qe2+ 43. Kb1 Qd3+ 44. Ka2 Qc2+ 45. Ka3 1/2-1/2

[Event "CZE-chT U12"]
[Site "Jihlava"]
[Date "2022.06.12"]
[Round "8.4"]
[White "Ruzicka, Oto"]
[Black "Barteckova, Valerie"]
[Result "0-1"]
[WhiteElo "1209"]
[BlackElo "1403"]
[PlyCount "160"]
[EventDate "2022.06.10"]
[EventType "team-swiss"]
[EventRounds "9"]
[EventCountry "CZE"]
[SourceTitle "CBM 209 Extra"]
[Source "ChessBase"]
[SourceDate "2022.09.30"]
[SourceVersion "1"]
[SourceVersionDate "2022.09.30"]
[SourceQuality "1"]
[WhiteTeam "Grygov U12"]
[BlackTeam "Frydek Mistek U12"]
[WhiteTeamCountry "CZE"]
[BlackTeamCountry "CZE"]

1. e4 c6 2. d4 d5 3. e5 Bf5 4. h4 h6 5. g4 Bg6 6. e6 fxe6 7. f4 Nf6 8. Nc3 Nbd7 9. Bd3 Bf7 10. Be3 Qb6 11. Rb1 g6 12. Qf3 Bg7 13. Qh3 0-0-0 14. Nf3 Qc7 15. a4 Kb8 16. Ke2 Ka8 17. b4 Rc8 18. Rb3 a6 19. Ra1 Kb8 20. a5 Ka8 21. b5 cxb5 22. Ne5 Nxe5 23. dxe5 Nd7 24. Qf1 Rhd8 25. Qf2 Nc5 26. Bxc5 Qxc5 27. Qxc5 Rxc5 28. Rc1 Rdc8 29. Kd2 g5 30. fxg5 hxg5 31. hxg5 Bxe5 32. g6 Bg8 33. Rh1 Bxc3+ 34. Rxc3 Rxc3 35. Rh8 R3c7 36. g5 Rd7 37. g7 Rdd8 38. g6 e5 39. Rh5 e4 40. Be2 Be6 41. Re5 Rd6 42. Bh5 Rg8 43. Rg5 Rxg7 44. Rg1 Bf5 45. Ke3 Rf6 46. c4 bxc4 47. Rb1 Ka7 48. Rb4 b6 49. axb6+ Rxb6 50. Ra4 Bxg6 51. Bxg6 Rgxg6 52. Ra5 Rb5 53. Ra1 Rgb6 54. Rg1 a5 55. Rg7 Rb7 56. Rg1 e6 57. Ra1 Ka6 58. Kd2 Rb4 59. Kc3 a4 60. Kd4 Ka5 61. Kc5 e3 62. Kd6 R7b6+ 63. Kc5 Rb3 64. Kd4 a3 65. Ra2 Ka4 66. Ra1 Rb1 67. Rxb1 Rxb1 68. Kxe3 a2 69. Kd4 a1Q+ 70. Kc5 Qa3+ 71. Kd4 Rd1+ 72. Ke5 Qe3+ 73. Kf6 Rf1+ 74. Ke7 e5 75. Ke6 Qh3+ 76. Kd6 Rf6+ 77. Ke7 Qe6+ 78. Kd8 Qg8+ 79. Ke7 Qg7+ 80. Kd8 Rf8# 0-1

[Event "CZE-chT U12"]
[Site "Jihlava"]
[Date "2022.06.11"]
[Round "7.4"]
[White "Ausperger, Vit"]
[Black "Barteckova, Valerie"]
[Result "1-0"]
[WhiteElo "1152"]
[BlackElo "1403"]
[PlyCount "105"]
[EventDate "2022.06.10"]
[EventType "team-swiss"]
[EventRounds "9"]
[EventCountry "CZE"]
[SourceTitle "CBM 209 Extra"]
[Source "ChessBase"]
[SourceDate "2022.09.30"]
[SourceVersion "1"]
[SourceVersionDate "2022.09.30"]
[SourceQuality "1"]
[WhiteTeam "Liberec Desko U12"]
[BlackTeam "Frydek Mistek U12"]
[WhiteTeamCountry "CZE"]
[BlackTeamCountry "CZE"]

1. e4 c6 2. d4 d5 3. exd5 cxd5 4. c4 e6 5. Nc3 Nc6 6. Nf3 Nf6 7. Bf4 Bb4 8. Bd3 dxc4 9. Bxc4 0-0 10. 0-0 a6 11. Re1 b5 12. Bd3 Nd5 13. Bd2 Bb7 14. Qb3 Nf6 15. Be4 Nxe4 16. Rxe4 Na5 17. Qxb4 Bxe4 18. Nxe4 Nc4 19. Rd1 Rc8 20. b3 Nxd2 21. Qxd2 Qb6 22. h3 Rfd8 23. Qg5 Qc6 24. Nf6+ Kh8 25. Ne5 Qc7 26. Qh5 gxf6 27. Nxf7+ Kg8 28. Nxd8 Qxd8 29. Qg4+ Kh8 30. Qxe6 Ra8 31. d5 Ra7 32. d6 Rd7 33. Kh2 Kg7 34. Kg3 Kh8 35. Kf4 Kg7 36. Kf5 h6 37. b4 Kf8 38. h4 Kg7 39. f4 Kf8 40. g4 Kg7 41. g5 hxg5 42. fxg5 Kf8 43. gxf6 Rf7 44. d7 a5 45. bxa5 b4 46. Qe8+ Qxe8 47. dxe8Q+ Kxe8 48. h5 Ra7 49. Kg6 Rxa5 50. f7+ Kf8 51. Rd8+ Ke7 52. f8Q+ Ke6 53. Qe8# 1-0

[Event "CZE-ch U12 Girls"]
[Site "Luhacovice"]
[Date "2022.03.14"]
[Round "4"]
[White "Kubatova, Beta"]
[Black "Barteckova, Valerie"]
[Result "0-1"]
[WhiteElo "1049"]
[BlackElo "1250"]
[PlyCount "114"]
[EventDate "2022.03.12"]
[EventType "swiss"]
[EventRounds "9"]
[EventCountry "CZE"]
[SourceTitle "EXT 2023"]
[Source "ChessBase"]
[SourceDate "2022.10.05"]
[SourceVersion "1"]
[SourceVersionDate "2022.10.05"]
[SourceQuality "1"]

1. e4 e5 2. Nf3 Nc6 3. d4 exd4 4. Nxd4 Bc5 5. Nb3 Bb6 6. Nc3 Qf6 7. Qe2 Nge7 8. g3 d6 9. Bg2 0-0 10. 0-0 Be6 11. Be3 Ne5 12. Bxb6 Bc4 13. Qd2 Bxf1 14. Rxf1 axb6 15. a3 Nc4 16. Qc1 c6 17. Nd2 Ne5 18. Qd1 N7g6 19. Nf3 Nxf3+ 20. Qxf3 Qxf3 21. Bxf3 Ne5 22. Be2 Rfe8 23. Rd1 Rad8 24. f4 Ng6 25. Bc4 Ne7 26. Bb3 Kf8 27. Kf2 f5 28. Kf3 h6 29. h3 fxe4+ 30. Nxe4 d5 31. Nc3 Nf5 32. Rd3 Re1 33. Kf2 Rde8 34. Nd1 R1e4 35. Nc3 Re3 36. Rxe3 Nxe3 37. Ne2 Nd1+ 38. Kf1 Nxb2 39. Nc3 Ra8 40. a4 Nc4 41. Bxc4 dxc4 42. Ke2 Rd8 43. g4 Ke7 44. f5 Kf6 45. h4 Ke5 46. Ke3 Rd4 47. Kf3 Rd2 48. Ne2 Rxc2 49. Ke3 Ra2 50. Nc3 Ra3 51. Kd2 Ra1 52. h5 Rg1 53. Ne2 Rxg4 54. Kc3 Kxf5 55. Nd4+ Kg5 56. Ne6+ Kxh5 57. Nd8 Rf4 0-1

[Event "EU Union-ch U12"]
[Site "Kouty nad Desnou"]
[Date "2021.08.22"]
[Round "9.4"]
[White "Barteckova, Valerie"]
[Black "Popov, Roman4444"]
[Result "0-1"]
[WhiteElo "1294"]
[BlackElo "1629"]
[PlyCount "108"]
[EventDate "2021.08.14"]
[EventType "swiss"]
[EventRounds "9"]
[EventCountry "CZE"]
[SourceTitle "EXT 2022"]
[Source "ChessBase"]
[SourceDate "2021.10.06"]
[SourceVersion "1"]
[SourceVersionDate "2021.10.06"]
[SourceQuality "1"]

1. e4 c6 2. Nc3 d5 3. Nf3 Bg4 4. h3 Bxf3 5. Qxf3 e6 6. g3 Nd7 7. Bg2 Ngf6 8. d4 dxe4 9. Nxe4 Nxe4 10. Qxe4 Nf6 11. Qd3 Be7 12. 0-0 0-0 13. Rd1 Qb6 14. b3 Rfd8 15. Bb2 a5 16. Qf3 a4 17. c4 a3 18. Bc3 Qa6 19. Rab1 Rac8 20. Bf1 b5 21. c5 Qb7 22. b4 Ra8 23. Rb3 Ra4 24. Rd3 Nd5 25. Be1 Bf6 26. Qd1 h6 27. Rxa3 Nxb4 28. Bxb4 Rxb4 29. Qf3 Rdxd4 30. Rxd4 Bxd4 31. Qd3 Qb8 32. Qd2 Bxc5 33. Rd3 Qe5 34. Rd8+ Kh7 35. Bd3+ g6 36. Rd7 Qxg3+ 37. Kf1 Qxh3+ 38. Ke2 Qg4+ 39. Ke1 Rb1+ 40. Bxb1 Bb4 41. Rxf7+ Kg8 42. Rb7 Bxd2+ 43. Kxd2 h5 44. Be4 Qxe4 45. Rb8+ Kg7 46. Rb7+ Kf6 47. Rb8 Qf4+ 48. Ke1 Qxb8 49. f4 h4 50. Kf1 Qxf4+ 51. Kg1 h3 52. a4 h2+ 53. Kh1 Qg3 54. a5 Qg1# 0-1

[Event "EU Union-ch U12"]
[Site "Kouty nad Desnou"]
[Date "2021.08.17"]
[Round "4.10"]
[White "Barteckova, Valerie"]
[Black "Srba, Daniel"]
[Result "1-0"]
[WhiteElo "1294"]
[BlackElo "1241"]
[PlyCount "93"]
[EventDate "2021.08.14"]
[EventType "swiss"]
[EventRounds "9"]
[EventCountry "CZE"]
[SourceTitle "EXT 2022"]
[Source "ChessBase"]
[SourceDate "2021.10.06"]
[SourceVersion "1"]
[SourceVersionDate "2021.10.06"]
[SourceQuality "1"]

1. e4 e5 2. Nf3 Nc6 3. Bb5 a6 4. Ba4 Bc5 5. 0-0 Nf6 6. Re1 b5 7. Bb3 0-0 8. c3 d6 9. h3 Bb7 10. Bc2 Re8 11. d4 exd4 12. cxd4 Bb6 13. Bg5 h6 14. Bh4 Rc8 15. a3 Ne7 16. Bxf6 gxf6 17. Nc3 Ng6 18. Qd2 c5 19. dxc5 dxc5 20. Qxh6 b4 21. Rad1 Qe7 22. Nd5 Bxd5 23. exd5 Qf8 24. Qxf8+ Rxf8 25. a4 Rfd8 26. Bxg6 fxg6 27. Re6 Bc7 28. Rxf6 Kg7 29. Rxa6 c4 30. Nd4 c3 31. bxc3 bxc3 32. Ne6+ Kg8 33. Nxd8 Rxd8 34. Rxg6+ Kf7 35. Rc6 Ba5 36. Rc1 Rxd5 37. R6xc3 Bxc3 38. Rxc3 Rd1+ 39. Kh2 Ra1 40. Rc4 Ra2 41. Kg3 Kg6 42. f3 Kf6 43. Rg4 Rb2 44. h4 Rb8 45. h5 Rb1 46. h6 Rh1 47. Rh4 1-0

[Event "EU Union-ch U12"]
[Site "Kouty nad Desnou"]
[Date "2021.08.15"]
[Round "2.9"]
[White "Barteckova, Valerie"]
[Black "Richter, Johanna"]
[Result "1/2-1/2"]
[WhiteElo "1294"]
[BlackElo "1155"]
[PlyCount "52"]
[EventDate "2021.08.14"]
[EventType "swiss"]
[EventRounds "9"]
[EventCountry "CZE"]
[SourceTitle "EXT 2022"]
[Source "ChessBase"]
[SourceDate "2021.10.06"]
[SourceVersion "1"]
[SourceVersionDate "2021.10.06"]
[SourceQuality "1"]

1. e4 c5 2. Nf3 Nc6 3. Bb5 g6 4. c4 Bg7 5. 0-0 e5 6. Nc3 a6 7. Bxc6 dxc6 8. h3 Qc7 9. b3 Nf6 10. Bb2 0-0 11. Qc2 Re8 12. Ne2 Nd7 13. Ng3 Nf8 14. Qc3 b6 15. Qc2 Ne6 16. Rad1 Nd4 17. Nxd4 cxd4 18. d3 c5 19. Bc1 Rf8 20. Bd2 a5 21. Qc1 f5 22. f3 f4 23. Nh1 Qe7 24. Nf2 Qg5 25. Be1 Bd7 26. Qd2 Rfc8 1/2-1/2

[Event "EU Union-ch U12"]
[Site "Kouty nad Desnou"]
[Date "2021.08.14"]
[Round "1.3"]
[White "Strapec, Lukas"]
[Black "Barteckova, Valerie"]
[Result "1-0"]
[WhiteElo "1708"]
[BlackElo "1294"]
[PlyCount "75"]
[EventDate "2021.08.14"]
[EventType "swiss"]
[EventRounds "9"]
[EventCountry "CZE"]
[SourceTitle "EXT 2022"]
[Source "ChessBase"]
[SourceDate "2021.10.06"]
[SourceVersion "1"]
[SourceVersionDate "2021.10.06"]
[SourceQuality "1"]

1. d4 d5 2. c4 dxc4 3. Nc3 e6 4. e4 Nf6 5. Bxc4 Bb4 6. Qd3 Nc6 7. Nf3 h6 8. 0-0 0-0 9. Bf4 Re8 10. Rfd1 Na5 11. Nb5 Re7 12. a3 Nxc4 13. Qxc4 Ba5 14. b4 Bb6 15. Nc3 c6 16. Rac1 Bc7 17. Bxc7 Qxc7 18. b5 cxb5 19. Qxb5 Qf4 20. e5 Nd7 21. Qb4 Re8 22. Nb5 Rf8 23. Rc4 Nb6 24. Rc2 Nd5 25. Qd6 Nb6 26. Nc7 Bd7 27. Nxa8 Ba4 28. Nxb6 Bxc2 29. Nd7 Bxd1 30. Qxf8+ Kh7 31. Qc8 Qe4 32. Nf8+ Kh8 33. Nxe6+ Kh7 34. Neg5+ hxg5 35. Nxg5+ Kh6 36. Nxe4 Ba4 37. g4 g6 38. Qh8# 1-0

[Event "Wch FIDE Online U10 Girls Europe qual"]
[Site "Tornelo INT"]
[Date "2020.12.08"]
[Round "5"]
[White "Andersson, Sol"]
[Black "Barteckova, Valerie"]
[Result "1-0"]
[WhiteElo "1240"]
[BlackElo "1289"]
[PlyCount "97"]
[EventDate "2020.12.07"]
[EventType "swiss (rapid)"]
[EventRounds "7"]
[EventCountry "ISS"]
[SourceTitle "EXT 2022"]
[Source "ChessBase"]
[SourceDate "2021.10.06"]
[SourceVersion "1"]
[SourceVersionDate "2021.10.06"]
[SourceQuality "1"]

1. e4 c6 2. d4 d5 3. exd5 cxd5 4. Nf3 Nc6 5. Bb5 Bg4 6. Be3 Nf6 7. Nbd2 e6 8. h3 Bh5 9. g4 Bg6 10. Ne5 Qb6 11. a4 a6 12. Bxc6+ bxc6 13. Nb3 Rc8 14. h4 h6 15. Qe2 Be7 16. f3 0-0 17. a5 Bb4+ 18. Bd2 Bxd2+ 19. Qxd2 Qa7 20. g5 hxg5 21. hxg5 Nh7 22. Nxg6 fxg6 23. f4 Rf5 24. 0-0-0 Rcf8 25. Rdf1 Nxg5 26. Rhg1 Ne4 27. Qe3 g5 28. Qh3 Qf7 29. Rh1 Qg6 30. Nc5 Nxc5 31. dxc5 Rxf4 32. Qh8+ Kf7 33. Qh3 Ke7 34. Rxf4 Rxf4 35. Re1 g4 36. Qh4+ Qf6 37. Qg3 Qf5 38. Qh4+ Qf6 39. Qg3 Kf7 40. Qb3 Qg5 41. Qb7+ Kf6 42. Kb1 Rf5 43. Qxc6 Qf4 44. Qxe6+ Kg5 45. Qxa6 Qf3 46. c6 Rf6 47. Qb7 Rf7 48. c7 Qf5 49. Qb8 1-0

[Event "Wch FIDE Online U10 Girls Europe qual"]
[Site "Tornelo INT"]
[Date "2020.12.08"]
[Round "3"]
[White "Negre, Emilie"]
[Black "Barteckova, Valerie"]
[Result "1-0"]
[WhiteElo "1382"]
[BlackElo "1289"]
[PlyCount "95"]
[EventDate "2020.12.07"]
[EventType "swiss (rapid)"]
[EventRounds "7"]
[EventCountry "ISS"]
[SourceTitle "EXT 2022"]
[Source "ChessBase"]
[SourceDate "2021.10.06"]
[SourceVersion "1"]
[SourceVersionDate "2021.10.06"]
[SourceQuality "1"]

1. d4 d5 2. c4 dxc4 3. e3 e5 4. Bxc4 exd4 5. exd4 Nc6 6. Nf3 Nf6 7. 0-0 Be7 8. d5 Nb4 9. Nc3 Bg4 10. a3 Na6 11. Bxa6 bxa6 12. Qa4+ Qd7 13. Qxa6 Bxf3 14. gxf3 Nxd5 15. Qb7 Rd8 16. Nxd5 Qxd5 17. Qxc7 Qxf3 18. Qg3 Qf6 19. Re1 0-0 20. Bf4 Rd4 21. Be5 Bd6 22. Bxf6 Bxg3 23. Bxd4 Bd6 24. b4 Rd8 25. Bc5 Bb8 26. Rad1 Rc8 27. Rd7 h6 28. Red1 Bc7 29. Bd6 Bb6 30. Bc5 Bc7 31. Bxa7 Kf8 32. b5 Ke8 33. b6 Bf4 34. b7 Rc4 35. b8Q+ Bxb8 36. Bxb8 Rc6 37. a4 Ra6 38. R7d4 Rb6 39. Bg3 Ra6 40. Ra1 Ra5 41. Rb4 Ra6 42. a5 Kd7 43. Rb6 Ra7 44. a6 Kc8 45. Rb8+ Kd7 46. Rb7+ Rxb7 47. axb7 Kc6 48. b8Q 1-0

[Event "Wch FIDE Online U10 Girls Europe qual"]
[Site "Tornelo INT"]
[Date "2020.12.07"]
[Round "1"]
[White "Rudzinskaite, Ula"]
[Black "Barteckova, Valerie"]
[Result "0-1"]
[WhiteElo "1113"]
[BlackElo "1289"]
[PlyCount "60"]
[EventDate "2020.12.07"]
[EventType "swiss (rapid)"]
[EventRounds "7"]
[EventCountry "ISS"]
[SourceTitle "EXT 2022"]
[Source "ChessBase"]
[SourceDate "2021.10.06"]
[SourceVersion "1"]
[SourceVersionDate "2021.10.06"]
[SourceQuality "1"]

1. d4 d5 2. c4 dxc4 3. e3 e5 4. Bxc4 exd4 5. exd4 Nc6 6. Nf3 Bg4 7. Be3 Bb4+ 8. Nc3 Nf6 9. a3 Ba5 10. b4 Bb6 11. d5 Ne5 12. Bb3 Bxf3 13. gxf3 0-0 14. 0-0 h6 15. Kh1 Ng6 16. Rg1 Re8 17. Bxb6 axb6 18. Qc2 Kh7 19. Bc4 Qd7 20. Bd3 Rg8 21. Bxg6+ fxg6 22. Rxg6 Kh8 23. Qd1 Qf5 24. Rg1 Rad8 25. Qc1 Qxf3+ 26. Rg2 Nxd5 27. Nxd5 Rxd5 28. Kg1 Rgd8 29. Qxc7 Rd1+ 30. Rxd1 Rxd1# 0-1

[Event "EU-ch Online U12 Girls"]
[Site "Tornelo INT"]
[Date "2020.09.18"]
[Round "1"]
[White "Barteckova, Valerie"]
[Black "Shukhman, Anna"]
[Result "0-1"]
[WhiteElo "1289"]
[BlackElo "1778"]
[PlyCount "92"]
[EventDate "2020.09.18"]
[EventType "swiss (rapid)"]
[EventRounds "9"]
[EventCountry "NET"]
[SourceTitle "EXT 2023"]
[Source "ChessBase"]
[SourceDate "2022.10.05"]
[SourceVersion "1"]
[SourceVersionDate "2022.10.05"]
[SourceQuality "1"]
[WhiteTeam "Czech Republic"]
[BlackTeam "Russia"]
[WhiteTeamCountry "CZE"]
[BlackTeamCountry "RUS"]

1. e4 c5 2. Nf3 e6 3. c3 Nf6 4. e5 Nd5 5. d4 cxd4 6. cxd4 d6 7. Nc3 dxe5 8. dxe5 Bb4 9. Bd2 Be7 10. Bc4 Nb6 11. Bb3 0-0 12. 0-0 Nc6 13. Re1 Nd7 14. Bf4 Nc5 15. Bc2 Qxd1 16. Raxd1 b6 17. Ng5 h6 18. Nf3 Bb7 19. a3 a5 20. Nb5 g5 21. Bg3 g4 22. Nh4 Rfd8 23. Nd6 Ba6 24. f3 Nxe5 25. Bxe5 Bxh4 26. g3 Be7 27. fxg4 f6 28. Nf5 exf5 29. Rxd8+ Rxd8 30. Bc7 Rd7 31. Bxb6 Nd3 32. Rd1 Bd8 33. Be3 fxg4 34. Bxh6 Bb6+ 35. Kg2 Bb7+ 36. Kf1 Ne5 37. Bb3+ Kh7 38. Rxd7+ Nxd7 39. Bf4 Ne5 40. Ke2 Ba6+ 41. Kd2 Nf3+ 42. Kd1 Nxh2 43. Ke1 Nf3+ 44. Kd1 Bd4 45. Kc2 Bf2 46. Bc4 Bxc4 0-1